00762nam 22002293 4500001000700000021001800007090001100025100004100036101000800077102000700085200004900092210005600141215004500197225002200242606003900264675002800303700004200331801001800373830002900391990001100420995010100431202111 aPTb16 748/87 a202111 a20250320d u||y0pory50 ba apor aPT aEspaço do invisívelfVergílio Ferreira aLisboa cImprensa Nacional Casa da Moedadimp. 1987 a4 v. (314, [3] p.)cil.; brochadod24 cm aTemas portugueses 91822aLiteratura Portuguesa Ensaio a82.134.3-4"19"vPTzpor 91045aFerreirabVergíliof1916-1996 aPTbBMMNgRPC cAna FalardofAna Falardo cLIVROS 002052026-05-11931813bBMMNf31533k82.134.3-4 FER|SAFo0rLIVROSuAcesso CondicionadosOferta